000 01008nam a2200301 a 4500
001 58222
003 BD-RjUL
005 20211209080610.0
008 161217s1984 enka b 001 0 eng
020 _a0151923795 :$10.95
035 _a(BD-RjUL) 58346
040 _aDLC
_cDLC
_dBD-RjUL
_beng
041 _aeng
082 0 0 _a330.9730927
_223
_bFRT 1984
100 1 _aFriedman, Milton,
_d1912-2006.
_9172951
245 1 0 _aTyranny of the status quo /
_cby Milton & Rose Friedman.
250 _a1st ed.
260 _aSan Diego :
_bHarcourt Brace Jovanovich,
_cc1984.
300 _a182 p. :
_bill. ;
_c22 cm.
504 _aIncludes bibliographical references and index.
650 0 _aFiscal policy
_zUnited States.
_9172952
650 0 _aGovernment spending policy
_zUnited States.
_9172953
650 0 _aDeficit financing
_zUnited States.
_9172954
651 0 _aUnited States
_xEconomic policy
_y1981-1993.
_9172955
700 1 _aFriedman, Rose D.
_9172956
942 _2ddc
_cBK
999 _c58222
_d58222